| 000 | 00895nam a2200277 a 4500 | ||
|---|---|---|---|
| 001 | 000015586 | ||
| 003 | OSt | ||
| 005 | 20250630104809.0 | ||
| 008 | 091116s1974 dr r 000 f spa d | ||
| 020 | _a8484000184 | ||
| 040 |
_aDO-SdBNP _bspa _cBNPHU |
||
| 082 |
_aRD863.44 _bP936ma, 1974 _222 |
||
| 100 | 1 |
_aPrestol Castillo, Freddy _97392 |
|
| 245 | 1 | 3 |
_aEl Masacre se pasa a pie / _cFreddy Prestol Castillo. |
| 250 | _a3a ed. | ||
| 260 |
_aSanto Domingo : _bTaller, _c1974. |
||
| 300 |
_a153 p. ; _c21 cm. |
||
| 490 | 1 |
_aBiblioteca Taller _v26 |
|
| 590 | _aInventariado, 2019/BT | ||
| 650 | 0 |
_aNovela histórica dominicana. _9860 |
|
| 650 | 0 |
_aLiteratura dominicana. _967 |
|
| 651 | 0 |
_aREPÚBLICA DOMINICANA _xHISTORIA _yERA DE TRUJILLO, 1930-1961 _xNOVELA _921999 |
|
| 830 | 0 |
_aBiblioteca Taller; _n26 _929470 |
|
| 910 | _aVMateo / Validado . Control de calidad. MFF | ||
| 942 |
_2ddc _cLBS1 |
||
| 999 |
_c15141 _d15141 |
||